|
|
|
|
| LEADER |
00655nab a2200193 i 4500 |
| 001 |
acta24347 |
| 005 |
20210601102532.0 |
| 008 |
161017s1988 hu o 0|| eng d |
| 022 |
|
|
|a 0001-6721
|
| 040 |
|
|
|a SZTE Egyetemi Kiadványok Repozitórium
|b hun
|
| 041 |
|
|
|a eng
|
| 100 |
1 |
|
|a Nagy Pál
|
| 245 |
1 |
0 |
|a Solvent effect in the formation of schiff bases
|h [elektronikus dokumentum] /
|c Nagy Pál
|
| 260 |
|
|
|c 1988
|
| 300 |
|
|
|a 51-64
|
| 490 |
0 |
|
|a Acta physica et chemica
|v 34 No. 1-4
|
| 695 |
|
|
|a Természettudomány, Kémia, Fizika
|
| 700 |
0 |
1 |
|a Herzfeld Rozália
|e aut
|
| 856 |
4 |
0 |
|u http://acta.bibl.u-szeged.hu/24347/1/phys_chem_034_051-064.pdf
|z Dokumentum-elérés
|